| 000 | 00457nam a22001457a 4500 | ||
|---|---|---|---|
| 082 | _a620.005 | ||
| 100 | _aMehmood, Bia | ||
| 245 |
_aThe Soft Skills of HR-Vital Aspect of TQM Effectiveness / _cBia Mehmood |
||
| 260 |
_aIslamabad : _bCEME - NUST, _c2016. |
||
| 300 |
_a124 p. ; _c30cm. |
||
| 650 |
_aEngineering Management-MS-Thesis _916065 |
||
| 700 |
_aDr. Nawar Khan _918465 |
||
| 942 |
_2ddc _cTHE |
||
| 999 |
_c536522 _d536522 |
||